| 000 | 00609nam a2200193Ia 4500 | ||
|---|---|---|---|
| 003 | GCL | ||
| 008 | 140319s9999 xx 000 0 ara d | ||
| 040 |
_aGCL / _cGCL |
||
| 082 | 0 | 4 |
_a910.4 _bر خ |
| 100 | 1 | _aعبدالمنعم ماجد | |
| 245 | 1 | 0 |
_aخواطر سائح مصرى فى رحلة الى اسبانيا فى الماضى والحاضر / _cعبدالمنعم ماجد |
| 260 |
_a[S.N] : _bمكتبة الانجلوالمصرية ، _c1983 |
||
| 300 | _a115 ص | ||
| 490 | _a | ||
| 650 | 0 | 4 | _aالرحلات |
| 650 | 0 | 4 | _aاسبانيا |
| 650 | 0 | 4 | _aوصف ورحلات |
| 942 |
_2ddc _cBK |
||
| 999 |
_c31690 _d31690 |
||